Central Library OPAC University of Rajshahi

The traitor / (Record no. 20960)

MARC details
000 -LEADER
fixed length control field 00744nam a22002531 4500
001 - CONTROL NUMBER
control field 20960
003 - CONTROL NUMBER IDENTIFIER
rucl marc code BD-RjUL
005 - DATE AND TIME OF LATEST TRANSACTION
control field 20211209000631.0
008 - FIXED-LENGTH DATA ELEMENTS--GENERAL INFORMATION
fixed length control field 140302s1965 enk 000 1 eng
035 ## - SYSTEM CONTROL NUMBER
System control number (BD-RjUL)21022
040 ## - CATALOGING SOURCE
Original cataloging agency DLC
Transcribing agency DLC
Modifying agency BD-RjUL
Language of cataloging eng
041 ## - LANGUAGE CODE
Language code of text/sound track or separate title eng
082 04 - DEWEY DECIMAL CLASSIFICATION NUMBER
Classification number 822.8
Author mark and year SHT 1965
100 1# - MAIN ENTRY--PERSONAL NAME
Personal name Shirley, James
Dates associated with a name 1596-1666.
9 (RLIN) 64755
245 14 - TITLE STATEMENT
Title The traitor /
Statement of responsibility, etc. James Shirley, Edited by John Stewart Carter.
260 ## - PUBLICATION, DISTRIBUTION, ETC. (IMPRINT)
Place of publication, distribution, etc. London :
Name of publisher, distributor, etc. Edward Arnold,
Date of publication, distribution, etc. c1965.
300 ## - PHYSICAL DESCRIPTION
Pagination xviii, 111 p. ;
Size 22 cm.
490 0# - SERIES STATEMENT
Series statement Regents Renaissance drama series
650 ## - SUBJECT ADDED ENTRY--TOPICAL TERM
Topical term or geographic name as entry element English Drama
9 (RLIN) 64756
700 1# - ADDED ENTRY--PERSONAL NAME
Personal name Carter, John Stewart
Dates associated with a name 1911-1965,
Relator term ed.
942 ## - ADDED ENTRY ELEMENTS (KOHA)
Source of classification or shelving scheme Dewey Decimal Classification
Koha item type Books
Holdings
Lost status Source of classification or shelving scheme Damaged status Not for loan Collection code Permanent Location Current Location Shelving location Date acquired Source of acquisition Cost, normal purchase price Total Checkouts Full call number Date last seen Copy number Koha item type
  Dewey Decimal Classification   Added to bundle Fiction Central Library, University of Rajshahi Central Library, University of Rajshahi Reading Room 26/11/1969 Zetlinger 21.00   822.8 SHT 1965 02/03/2014 C-1 Books